<?xml version="1.0" encoding="UTF-8"?>
<record
    xmlns:xsi="http://www.w3.org/2001/XMLSchema-instance"
    xsi:schemaLocation="http://www.loc.gov/MARC21/slim http://www.loc.gov/standards/marcxml/schema/MARC21slim.xsd"
    xmlns="http://www.loc.gov/MARC21/slim">

  <leader>01460nam a2200349   4500</leader>
  <controlfield tag="001">1443130</controlfield>
  <controlfield tag="003">000</controlfield>
  <controlfield tag="005">20150409104714.0</controlfield>
  <controlfield tag="008">000 </controlfield>
  <datafield tag="010" ind1=" " ind2=" ">
    <subfield code="a">   85021794 </subfield>
  </datafield>
  <datafield tag="020" ind1=" " ind2=" ">
    <subfield code="a">9024732557</subfield>
  </datafield>
  <datafield tag="040" ind1=" " ind2=" ">
    <subfield code="a">UOEL</subfield>
    <subfield code="c">DLC</subfield>
    <subfield code="d">DLC</subfield>
  </datafield>
  <datafield tag="050" ind1="0" ind2="0">
    <subfield code="a">QR89.7</subfield>
    <subfield code="b">.I58 1985</subfield>
  </datafield>
  <datafield tag="082" ind1="0" ind2="0">
    <subfield code="a">589/.9504133</subfield>
    <subfield code="2">19</subfield>
  </datafield>
  <datafield tag="111" ind1="2" ind2=" ">
    <subfield code="a">International Symposium on Nitrogen Fixation</subfield>
    <subfield code="n">(6th :</subfield>
    <subfield code="d">1985 :</subfield>
    <subfield code="c">Corvallis, Or.)</subfield>
  </datafield>
  <datafield tag="245" ind1="1" ind2="0">
    <subfield code="a">Nitrogen fixation research progress :</subfield>
    <subfield code="b">proceedings of the 6th International Symposium on Nitrogen Fixation, Corvallis, OR 97331, August 4-10, 1985 /</subfield>
    <subfield code="c">edited by H.J. Evans, P.J. Bottomley, W.E. Newton.</subfield>
  </datafield>
  <datafield tag="260" ind1=" " ind2=" ">
    <subfield code="a">Dordrecht, The Netherlands ;</subfield>
    <subfield code="a">Boston :</subfield>
    <subfield code="b">M. Nijhoff ;</subfield>
    <subfield code="a">Hingham, MA, USA :</subfield>
    <subfield code="b">Distributors for the U.S. and Canada, Kluwer Academic Publishers,</subfield>
    <subfield code="c">1985.</subfield>
  </datafield>
  <datafield tag="300" ind1=" " ind2=" ">
    <subfield code="a">xiv, 731 p. :</subfield>
    <subfield code="b">ill. ;</subfield>
    <subfield code="c">25 cm.</subfield>
  </datafield>
  <datafield tag="440" ind1=" " ind2="0">
    <subfield code="a">Current plant science and biotechnology in agriculture ;</subfield>
    <subfield code="v">1</subfield>
  </datafield>
  <datafield tag="504" ind1=" " ind2=" ">
    <subfield code="a">Includes bibliographies and index.</subfield>
  </datafield>
  <datafield tag="590" ind1=" " ind2=" ">
    <subfield code="a">LC copy has CIP data on label inserted.</subfield>
  </datafield>
  <datafield tag="600" ind1=" " ind2=" ">
    <subfield code="2">Nitrogen</subfield>
    <subfield code="x">Microbiology</subfield>
  </datafield>
  <datafield tag="650" ind1=" " ind2="0">
    <subfield code="a">Nitrogen</subfield>
    <subfield code="x">Fixation</subfield>
    <subfield code="x">Congresses.</subfield>
  </datafield>
  <datafield tag="650" ind1=" " ind2="0">
    <subfield code="a">Nitrogen-fixing microorganisms</subfield>
    <subfield code="x">Congresses.</subfield>
  </datafield>
  <datafield tag="650" ind1=" " ind2="0">
    <subfield code="a">Microbial genetics</subfield>
    <subfield code="x">Congresses.</subfield>
  </datafield>
  <datafield tag="650" ind1=" " ind2="0">
    <subfield code="a">Plant genetics</subfield>
    <subfield code="x">Congresses.</subfield>
  </datafield>
  <datafield tag="700" ind1="1" ind2=" ">
    <subfield code="a">Evans, H. J.</subfield>
    <subfield code="q">(Harold J.)</subfield>
  </datafield>
  <datafield tag="700" ind1="1" ind2=" ">
    <subfield code="a">Bottomley, P. J.</subfield>
    <subfield code="q">(Peter J.)</subfield>
  </datafield>
  <datafield tag="700" ind1="1" ind2=" ">
    <subfield code="a">Newton, William E.</subfield>
    <subfield code="q">(William Edward),</subfield>
    <subfield code="d">1938-</subfield>
  </datafield>
  <datafield tag="906" ind1=" " ind2=" ">
    <subfield code="a">7</subfield>
    <subfield code="b">cbu</subfield>
    <subfield code="c">orignew</subfield>
    <subfield code="d">1</subfield>
    <subfield code="e">ocip</subfield>
    <subfield code="f">19</subfield>
    <subfield code="g">y-gencatlg</subfield>
  </datafield>
  <datafield tag="942" ind1=" " ind2=" ">
    <subfield code="2">lcc</subfield>
    <subfield code="c">LL</subfield>
  </datafield>
  <datafield tag="999" ind1=" " ind2=" ">
    <subfield code="c">4318</subfield>
    <subfield code="d">4318</subfield>
  </datafield>
  <datafield tag="952" ind1=" " ind2=" ">
    <subfield code="0">0</subfield>
    <subfield code="1">0</subfield>
    <subfield code="2">lcc</subfield>
    <subfield code="4">0</subfield>
    <subfield code="7">0</subfield>
    <subfield code="a">UOE</subfield>
    <subfield code="b">UOE</subfield>
    <subfield code="c">GEN</subfield>
    <subfield code="d">2015-04-09</subfield>
    <subfield code="l">0</subfield>
    <subfield code="o">QR89.7 .I58 1985</subfield>
    <subfield code="p">20150965</subfield>
    <subfield code="r">2026-04-27 11:54:11</subfield>
    <subfield code="t">20150965</subfield>
    <subfield code="w">2015-04-09</subfield>
    <subfield code="y">LL</subfield>
  </datafield>
</record>
